[Event "RLEV #5"]
[Site "SchemingMind.com"]
[Date "2010.02.12"]
[Round "-"]
[White "andu"]
[Black "Aumonde"]
[Result "1/2-1/2"]
[WhiteCountry "AUT"]
[BlackCountry "USA"]
[WhiteElo "2150"]
[WhiteRD "61"]
[BlackElo "2298"]
[BlackRD "61"]
[GameID "238209"]

1. e4 e5 2. Nf3 Nc6 3. Bb5 a6 4. Bxc6 dxc6 5. O-O f6 6. d4 Bg4 7. c3 exd4 8. cxd4 Bxf3 9. Qxf3 Qxd4 10. Rd1 Qe5
11. Bf4 Qxb2 12. Nd2 Rd8 13. Rab1 Qxa2 14. Rxb7 Qc2 15. e5 f5 16. Rbb1 Ne7 17. e6 Qd3 18. Qh5+ g6 19. Qh4 Nd5 20. Be5 Be7
21. Qa4 O-O 22. Nc4 Nc3 23. Bxc3 Qxc3 24. Qxc6 Rxd1+ 25. Rxd1 Qc2 26. Re1 Bb4 27. e7 Bxe1=
1/2-1/2

[Event "RLEV #5"]
[Site "SchemingMind.com"]
[Date "2010.02.12"]
[Round "-"]
[White "Aumonde"]
[Black "andu"]
[Result "1/2-1/2"]
[WhiteCountry "USA"]
[BlackCountry "AUT"]
[WhiteElo "2302"]
[WhiteRD "65"]
[BlackElo "2132"]
[BlackRD "64"]
[GameID "238210"]

1. e4 e5 2. Nf3 Nc6 3. Bb5 a6 4. Bxc6 dxc6 5. d4 exd4 6. Qxd4 Qxd4 7. Nxd4 Bd7 8. Be3 O-O-O 9. Nc3 Re8 10. O-O-O Bb4
11. Nde2 f5 12. Bd4 Nf6 13. e5 Ne4 14. f4 Rhf8 15. a3 Be7 16. Rhg1 Nxc3 17. Nxc3 Be6 18. Bf2 Rd8 19. Rh1 g5 20. g3 h5
21. Rxd8+ Rxd8 22. Ne2 Bc4 23. Nd4 Rf8 24. Re1 h4 25. Nf3 hxg3 26. hxg3 gxf4 27. gxf4 Rh8 28. Nd4 Rh5 29. Rg1 c5 30. Nf3 Bd5=
31. Nd2 Kd7 32. Nf1 Ke6 33. Kd2 Kf7 34. b3 c4 35. b4 Rh3 36. Ne3 Be4 37. Nxc4 Rh2 38. Ke3 Bxc2 39. Na5=
1/2-1/2

[Event "RLEV #5"]
[Site "SchemingMind.com"]
[Date "2010.02.16"]
[Round "-"]
[White "Fiesty 50"]
[Black "Aumonde"]
[Result "1/2-1/2"]
[WhiteCountry "ENG"]
[BlackCountry "USA"]
[WhiteElo "2228"]
[WhiteRD "96"]
[BlackElo "2302"]
[BlackRD "65"]
[GameID "238677"]

1. e4 e5 2. Nf3 Nc6 3. Bb5 a6 4. Bxc6 dxc6 5. O-O f6 6. d4 exd4 7. Nxd4 c5 8. Nb3 Qxd1 9. Rxd1 Bd6 10. Na5 b5
11. c4 Ne7 12. Be3 f5 13. Nc3 O-O 14. f3 Re8 15. Bf2 Ng6 16. Bg3 f4 17. Bf2 Ne5 18. Nd5 bxc4 19. Be1 Rb8 20. Bc3 Be6
21. Rab1 Kf8 22. Bxe5 Bxe5 23. Nc6 Rxb2 24. Nxe5 Rxb1 25. Nd7+ Bxd7 26. Rxb1 g5 27. Rc1 Bb5 28. Nxc7 Re7 29. Nd5 Rb7 30. h4 h6
31. a4 Bc6 32. Rxc4 Bxd5 33. exd5 Rc7 34. hxg5 hxg5 35. d6 Rc6 36. Kh2 Rxd6 37. Rxc5 Rh6+ 38. Kg1 Rg6 39. Rc7 Rd6 40. Ra7 Ke8
41. Kh2 Rh6+ 42. Kg1 Rd6 43. Kh2 Rh6+ 44. Kg1 Rd6 45. Kh2
1/2-1/2

[Event "RLEV #5"]
[Site "SchemingMind.com"]
[Date "2010.02.12"]
[Round "-"]
[White "Fiesty 50"]
[Black "andu"]
[Result "1/2-1/2"]
[WhiteCountry "ENG"]
[BlackCountry "AUT"]
[WhiteElo "2216"]
[WhiteRD "90"]
[BlackElo "2183"]
[BlackRD "65"]
[GameID "238678"]

1. e4 e5 2. Nf3 Nc6 3. Bb5 a6 4. Bxc6 dxc6 5. O-O Qd6 6. Na3 Be6 7. Qe2 f6 8. Rd1 Bg4 9. Nc4 Qe6 10. Ne3 Bh5
11. d4 O-O-O 12. d5 cxd5 13. Nxd5 Bd6 14. Bd2 Ne7 15. c4 Kb8 16. Ba5 Nc6 17. Bc3 f5 18. b4 Rhf8 19. c5 Be7 20. b5 fxe4
21. bxc6 Rxd5 22. Rxd5 Bxf3 23. Qb2 Qxc6 24. Rxe5 Qg6 25. g3 Rf7 26. Rb1 e3 27. Rxe3 Bc6 28. Bd4 Qf5 29. Rbe1 Qd5 30. f3 Bxc5
31. Bxc5 Qxc5 32. Kg2 Qd6 33. R1e2 g5 34. Qb3 Bd5 35. Qc3 b5 36. h3 h6 37. Rd3 Kb7 38. Qd2 c6 39. Rf2=
1/2-1/2

[Event "RLEV #5"]
[Site "SchemingMind.com"]
[Date "2010.02.16"]
[Round "-"]
[White "Aumonde"]
[Black "Fiesty 50"]
[Result "1/2-1/2"]
[WhiteCountry "USA"]
[BlackCountry "ENG"]
[WhiteElo "2214"]
[WhiteRD "69"]
[BlackElo "2211"]
[BlackRD "102"]
[GameID "238679"]

1. e4 e5 2. Nf3 Nc6 3. Bb5 a6 4. Bxc6 dxc6 5. d3 f6 6. Be3 Bd6 7. O-O Ne7 8. c4 c5 9. b4 b6 10. bxc5 Bxc5
11. Bxc5 bxc5 12. Nc3 O-O 13. h3 Rb8 14. Rb1 Bd7 15. Rxb8 Qxb8 16. Qc2 Qa7 17. Nd5 Ng6 18. Rb1 Rb8 19. Rxb8+ Qxb8 20. Qb3 Qxb3
21. axb3 a5 22. Kf1 Nf4 23. Nxf4 exf4 24. Ke1 Kf7 25. Kd1 Ke6 26. Kd2 g5 27. g3 fxg3= 28. fxg3 Ke7 29. g4 Kf7 30. Ng1 Ke6
31. Ne2 Ke5 32. Ke3 Bc6 33. Ng1 Bd7 34. Nf3+ Kd6 35. e5+ Ke7 36. exf6+ Kxf6 37. d4 cxd4+ 38. Kxd4 Bc6 39. Ne1 a4 40. bxa4 Bxa4
41. Ng2 Bc6 42. Ne3 Ke6 43. Nd5 Bxd5 44. cxd5+ Kd6 45. Kc4 c5 46. dxc6 Kxc6 47. Kd4 Kd6 48. Ke4 Ke6 49. Kd4 Kf6 50. Kd5 h5
51. Kd6 hxg4 52. hxg4 Kg7 53. Ke5 Kg6 54. Ke6 Kh6 55. Kf5 Kh7 56. Kxg5 Kg7 57. Kf5 Kf7 58. Ke4 Kg6 59. Kf3 Kg5 60. Kg3 Kg6
61. Kf4 Kf6 62. g5+ Kg6 63. Kg4 Kg7 64. Kf3 Kg6 65. Kf4 Kg7 66. Kg3 Kg6 67. Kh4 Kg7 68. Kh5 Kh7 69. g6+ Kg7 70. Kg5 Kg8
71. Kf6 Kf8 72. Ke5 Kg7 73. Kf5 Kg8 74. Kg4 Kh8 75. g7+=
1/2-1/2

[Event "RLEV #5"]
[Site "SchemingMind.com"]
[Date "2010.02.12"]
[Round "-"]
[White "andu"]
[Black "Fiesty 50"]
[Result "1/2-1/2"]
[WhiteCountry "AUT"]
[BlackCountry "ENG"]
[WhiteElo "2189"]
[WhiteRD "66"]
[BlackElo "2218"]
[BlackRD "87"]
[GameID "238680"]

1. e4 e5 2. Nf3 Nc6 3. Bb5 a6 4. Bxc6 dxc6 5. O-O Qd6 6. Na3 Be6 7. Qe2 f6 8. Rd1 O-O-O 9. d4 Bg4 10. Be3 Qe6
11. Nb1 Bd6 12. Nc3 exd4 13. Rxd4 Ne7 14. h3 Bh5 15. Rad1 c5 16. R4d2 h6 17. a3 g5 18. Kf1 f5 19. exf5 Nxf5 20. g4 Nxe3+
21. Qxe3 Qxe3 22. fxe3 Bg6 23. e4 Bf4 24. Rxd8+ Rxd8=
1/2-1/2

[Event "RLEV #5"]
[Site "SchemingMind.com"]
[Date "2010.02.12"]
[Round "-"]
[White "Bandit2"]
[Black "Fiesty 50"]
[Result "1/2-1/2"]
[WhiteCountry "POL"]
[BlackCountry "ENG"]
[WhiteElo "2271"]
[WhiteRD "98"]
[BlackElo "2221"]
[BlackRD "86"]
[GameID "238697"]

1. e4 e5 2. Nf3 Nc6 3. Bb5 a6 4. Bxc6 dxc6 5. O-O Qd6 6. Na3 Be6 7. Qe2 f6 8. Rd1 O-O-O 9. d4 Bg4 10. c3 Qe6
11. Nc2 Bd6 12. Ne3 h5 13. Qc4 Qe8 14. Nf5 h4 15. h3 Bxf3 16. gxf3 exd4 17. Rxd4=
1/2-1/2

[Event "RLEV #5"]
[Site "SchemingMind.com"]
[Date "2010.02.12"]
[Round "-"]
[White "Bandit2"]
[Black "andu"]
[Result "0-1"]
[WhiteCountry "POL"]
[BlackCountry "AUT"]
[WhiteElo "2240"]
[WhiteRD "93"]
[BlackElo "2106"]
[BlackRD "65"]
[GameID "238698"]

1. e4 e5 2. Nf3 Nc6 3. Bb5 a6 4. Bxc6 dxc6 5. O-O Qd6 6. Na3 Be6 7. Qe2 f6 8. Rd1 Bg4 9. c3 Qe6 10. Nc2 Bd6
11. Ne3 Bxf3 12. Qxf3 Ne7 13. d4 O-O 14. d5 cxd5 15. Nxd5 Nxd5 16. Rxd5 f5 17. exf5 Rxf5 18. Qe4 c6 19. Rd3 Bc5 20. Be3 Bxe3
21. Qxe3 Raf8 22. Rd2 a5 23. b3 e4 24. Re1 Qf6 25. c4 Rf4 26. h3 h6 27. Red1 Kh8 28. Re2 Qf5 29. Rd4 Rf6
0-1

[Event "RLEV #5"]
[Site "SchemingMind.com"]
[Date "2010.02.12"]
[Round "-"]
[White "Fiesty 50"]
[Black "Bandit2"]
[Result "0-1"]
[WhiteCountry "ENG"]
[BlackCountry "POL"]
[WhiteElo "2221"]
[WhiteRD "86"]
[BlackElo "2271"]
[BlackRD "98"]
[GameID "238700"]

1. e4 e5 2. Nf3 Nc6 3. Bb5 a6 4. Bxc6 dxc6 5. O-O Qf6 6. d4 exd4 7. Bg5 Qd6 8. Nxd4 Be7 9. Bxe7 Nxe7 10. Nc3 Bd7
11. Nb3 Qxd1 12. Raxd1 b6 13. Rd2 O-O-O 14. Rfd1 c5 15. f3 Nc6 16. Kf2 f5 17. exf5 Bxf5 18. Rxd8+ Rxd8
0-1

[Event "RLEV #5"]
[Site "SchemingMind.com"]
[Date "2010.02.12"]
[Round "-"]
[White "andu"]
[Black "Bandit2"]
[Result "0-1"]
[WhiteCountry "AUT"]
[BlackCountry "POL"]
[WhiteElo "2098"]
[WhiteRD "69"]
[BlackElo "2287"]
[BlackRD "87"]
[GameID "238701"]

1. e4 e5 2. Nf3 Nc6 3. Bb5 a6 4. Bxc6 dxc6 5. O-O Qf6 6. d4 exd4 7. Bg5 Qd6 8. Nxd4 Be7 9. Be3 Nf6 10. f3 O-O
11. Nc3 Rd8 12. Qe2 c5 13. Nb3 b6 14. Rfd1 Qc6 15. Rxd8+ Bxd8 16. Rd1 Be6 17. Bg5 h6 18. Bh4 Qe8 19. a3 g5 20. Bf2 Nh5
21. g3 Bf6 22. e5 Bg7= 23. f4 f6 24. Nd5 Bxd5 25. Rxd5 fxe5 26. fxe5 Nf6 27. Rd1 Nd7 28. Qc4+ Kh8 29. e6 Ne5 30. Qd5 Rb8
31. Kg2 Bf6 32. Rd2 Rd8 33. Qe4 Rxd2 34. Nxd2 Qxe6 35. b3 Kg7
0-1

[Event "RLEV #5"]
[Site "SchemingMind.com"]
[Date "2010.02.20"]
[Round "-"]
[White "Number34"]
[Black "Aumonde"]
[Result "0-1"]
[WhiteCountry "USA"]
[BlackCountry "USA"]
[WhiteElo "2280"]
[WhiteRD "65"]
[BlackElo "2298"]
[BlackRD "61"]
[GameID "239005"]

1. e4 e5 2. Nf3 Nc6 3. Bb5 a6 4. Bxc6 dxc6 5. O-O Qd6 6. Na3 b5 7. c3 c5 8. Nc2 Bb7 9. Re1 Be7 10. d4 exd4
11. cxd4 cxd4 12. Ncxd4 c5 13. Nf5 Qxd1 14. Rxd1 Bxe4 15. Nxg7+ Kf8 16. Nh5 Bg6 17. Ng3 h5 18. Ne5 Nf6 19. Nc6 h4 20. Nxe7 Kxe7
21. Ne2 Rh5 22. Nf4 Re5 23. Be3 Bf5 24. Re1 Kd6 25. a4 b4 26. Rac1 Rc8 27. Rcd1+ Kc6 28. h3 Bc2 29. Rd2 b3 30. f3 Nd7
31. Nd3 Rd5 32. Nf4 Rf5 33. a5 Ne5 34. Nd5 Nxf3+ 35. gxf3 Rxd5 36. Rxd5 Kxd5 37. Bf4 c4 38. Re7 c3 39. Bc1 Rc4 40. bxc3 Ra4
41. Kf2 Ra1
0-1

[Event "RLEV #5"]
[Site "SchemingMind.com"]
[Date "2010.02.16"]
[Round "-"]
[White "Number34"]
[Black "Fiesty 50"]
[Result "1-0"]
[WhiteCountry "USA"]
[BlackCountry "ENG"]
[WhiteElo "2240"]
[WhiteRD "68"]
[BlackElo "2235"]
[BlackRD "88"]
[GameID "239006"]

1. e4 e5 2. Nf3 Nc6 3. Bb5 a6 4. Bxc6 dxc6 5. O-O Qd6 6. Na3 Be6 7. Qe2 f6 8. Rd1 O-O-O 9. d4 Bg4 10. Be3 Qe6
11. dxe5 Rxd1+ 12. Qxd1 Bxa3 13. bxa3 fxe5 14. Ng5 Bxd1 15. Nxe6 Bxc2 16. f3 g6 17. Rc1
1-0

[Event "RLEV #5"]
[Site "SchemingMind.com"]
[Date "2010.02.16"]
[Round "-"]
[White "Number34"]
[Black "andu"]
[Result "1-0"]
[WhiteCountry "USA"]
[BlackCountry "AUT"]
[WhiteElo "2280"]
[WhiteRD "65"]
[BlackElo "2150"]
[BlackRD "61"]
[GameID "239007"]

1. e4 e5 2. Nf3 Nc6 3. Bb5 a6 4. Bxc6 dxc6 5. O-O Qd6 6. Na3 Be6 7. Ng5 h6 8. Nxe6 Qxe6 9. d3 Bxa3 10. bxa3 g5
11. Qe1 Nf6 12. a4 O-O-O 13. Qb4 b6 14. a5 b5 15. Be3 Qd6 16. Qc3 Rhg8 17. Qb3 Rd7 18. a4 h5 19. Rab1 h4 20. axb5 cxb5
21. c4 c6 22. cxb5 cxb5 23. Rfc1+ Kb8 24. Rc3 Rc8 25. Rxc8+ Kxc8 26. Bxg5 Ne8 27. Bxh4 Qxd3 28. Rc1+ Kb7 29. Qxd3 Rxd3 30. f3 f6
31. Kf1 Ra3 32. Be1 Rb3 33. h4 Ng7 34. Bd2 Rd3 35. Ke2 Ra3 36. Rd1 Kc8 37. Kf2 Rd3 38. g4 Rd7 39. Rc1+
1-0

[Event "RLEV #5"]
[Site "SchemingMind.com"]
[Date "2010.02.16"]
[Round "-"]
[White "Number34"]
[Black "Bandit2"]
[Result "1/2-1/2"]
[WhiteCountry "USA"]
[BlackCountry "POL"]
[WhiteElo "2278"]
[WhiteRD "68"]
[BlackElo "2271"]
[BlackRD "98"]
[GameID "239008"]

1. e4 e5 2. Nf3 Nc6 3. Bb5 a6 4. Bxc6 dxc6 5. O-O Qf6 6. d4 exd4 7. Bg5 Qd6 8. Nxd4 Be7 9. Bxe7 Nxe7 10. Nc3 Bd7
11. Nb3 Qxd1 12. Raxd1 b6 13. Rd2 O-O-O 14. Rfd1 c5 15. f4 Bg4 16. Rxd8+ Rxd8 17. Rxd8+ Kxd8=
1/2-1/2

[Event "RLEV #5"]
[Site "SchemingMind.com"]
[Date "2010.02.20"]
[Round "-"]
[White "Aumonde"]
[Black "Number34"]
[Result "1-0"]
[WhiteCountry "USA"]
[BlackCountry "USA"]
[WhiteElo "2298"]
[WhiteRD "61"]
[BlackElo "2280"]
[BlackRD "65"]
[GameID "239009"]

1. e4 e5 2. Nf3 Nc6 3. Bb5 a6 4. Bxc6 dxc6 5. Nc3 Qd6 6. d4 exd4 7. Nxd4 Qg6 8. O-O Bg4 9. f3 Bd7 10. Nb3 Bd6
11. f4 O-O-O 12. Qf3 f6 13. f5 Qe8 14. Bf4 Bxf4 15. Qxf4 Nh6 16. Qe3 Kb8 17. Rad1 g5 18. fxg6 hxg6 19. h3 f5 20. Rfe1 Bc8
21. Rxd8 Qxd8 22. e5 Qh4 23. Nd4 Nf7 24. e6 Ng5 25. e7 Re8 26. Re2 f4 27. Qf2 Qh6 28. Re1 Nf7 29. Qe2 Qg5 30. Nf3 Qc5+
31. Kh2 Qb4 32. Qe4 Qxb2 33. Qxf4 Bf5 34. Qe3 Qxc2 35. Re2 Qd3 36. Qxd3 Bxd3 37. Re3 Bc4 38. Nh4 Nh6 39. Nxg6 Nf5 40. Re5 Nh6
41. g4 Ng8 42. Kg3 Bf7 43. Nh8 Bc4 44. h4 Kc8 45. Ng6 Bf7 46. Nf4 Kd7 47. h5 Nxe7 48. g5 b5 49. Ne4 Bxa2 50. Nf6+ Kd6
51. Ng6 Bf7 52. Nxe8+ Bxe8 53. Nxe7 Bxh5 54. Kf4 a5 55. g6
1-0

[Event "RLEV #5"]
[Site "SchemingMind.com"]
[Date "2010.02.16"]
[Round "-"]
[White "Fiesty 50"]
[Black "Number34"]
[Result "1/2-1/2"]
[WhiteCountry "ENG"]
[BlackCountry "USA"]
[WhiteElo "2235"]
[WhiteRD "88"]
[BlackElo "2240"]
[BlackRD "68"]
[GameID "239010"]

1. e4 e5 2. Nf3 Nc6 3. Bb5 a6 4. Bxc6 dxc6 5. O-O Qf6 6. d4 exd4 7. Bg5 Qd6 8. Nxd4 Be7 9. Bxe7 Nxe7 10. Nc3 Bd7
11. Nb3 O-O-O 12. Qh5 Ng6 13. Rad1 Qf6 14. Nc5 Nf4 15. Nxd7 Rxd7 16. Qc5 Rxd1 17. Rxd1 Kb8 18. f3 Rd8 19. Qf2 Rd6 20. Rxd6 cxd6
21. Qd2 Kc7 22. Nd1 Qe5 23. c3 f5 24. g3 Ne6 25. exf5 Qxf5 26. Kg2 b5 27. h4 Qb1 28. b3= Qg6 29. Nf2=
1/2-1/2

[Event "RLEV #5"]
[Site "SchemingMind.com"]
[Date "2010.02.16"]
[Round "-"]
[White "andu"]
[Black "Number34"]
[Result "1/2-1/2"]
[WhiteCountry "AUT"]
[BlackCountry "USA"]
[WhiteElo "2189"]
[WhiteRD "66"]
[BlackElo "2281"]
[BlackRD "66"]
[GameID "239011"]

1. e4 e5 2. Nf3 Nc6 3. Bb5 a6 4. Bxc6 dxc6 5. O-O f6 6. d4 Bg4 7. c3 exd4 8. cxd4 Qd7 9. h3 Be6 10. Nc3 O-O-O
11. Bf4 g5 12. Bg3 h5 13. d5 cxd5 14. Rc1 Bd6 15. Qd4 Kb8 16. exd5 Bxg3 17. dxe6 Qxd4 18. Nxd4 Bxf2+ 19. Rxf2 Rxd4 20. Re1 Rd8
21. Ne4 Rh6 22. Nc5 Kc8 23. Nd7 Re8 24. g3 b6 25. Rf5 Kd8 26. Kg2 Ke7 27. Rf3 f5 28. Rxf5 Rxe6 29. Ne5 g4 30. Rxh5 gxh3+
31. Kxh3 Nf6 32. Rf5 Kd8 33. g4=
1/2-1/2

[Event "RLEV #5"]
[Site "SchemingMind.com"]
[Date "2010.02.16"]
[Round "-"]
[White "Bandit2"]
[Black "Number34"]
[Result "1-0"]
[WhiteCountry "POL"]
[BlackCountry "USA"]
[WhiteElo "2278"]
[WhiteRD "101"]
[BlackElo "2292"]
[BlackRD "65"]
[GameID "239012"]

1. e4 e5 2. Nf3 Nc6 3. Bb5 a6 4. Bxc6 dxc6 5. O-O Bg4 6. h3 Bh5 7. g4 Bg6 8. Nxe5 Bd6 9. Nxg6 hxg6 10. Qf3 Qh4
11. d4 Qxh3 12. Qxh3 Rxh3 13. e5 Be7 14. Kg2 Rh4 15. f3 O-O-O 16. Be3 f5 17. Bf2 Rh8 18. gxf5 Rh5 19. Rh1 Rg5+ 20. Kf1 c5
21. c3 Rxf5 22. Nd2 cxd4 23. cxd4 Bb4 24. Ne4 Rxf3 25. Ke2 Rf5 26. Rac1 Kb8 27. Rh8 Rh5 28. Rxh5 gxh5 29. Rg1 Ne7 30. Rxg7 Nf5
31. Rg5 Nxd4+ 32. Bxd4 Rxd4 33. Ke3 Rd5 34. Rxh5 c6 35. Kf4 Kc7 36. Rh7+ Rd7 37. Rxd7+ Kxd7 38. Kf5 Be7 39. Nf6+ Kd8 40. Ke6 Bc5
41. Kf7 a5 42. e6 Bd6 43. Ng8
1-0

[Event "RLEV #5"]
[Site "SchemingMind.com"]
[Date "2010.02.16"]
[Round "-"]
[White "Orange Lion"]
[Black "Fiesty 50"]
[Result "1-0"]
[WhiteCountry "NED"]
[BlackCountry "ENG"]
[WhiteElo "2459"]
[WhiteRD "80"]
[BlackElo "2221"]
[BlackRD "86"]
[GameID "239055"]

1. e4 e5 2. Nf3 Nc6 3. Bb5 a6 4. Bxc6 dxc6 5. O-O Qd6 6. Na3 b5 7. c3 c5 8. Nc2 Bb7 9. Re1 Rd8 10. a4 Be7
11. axb5 axb5 12. d4 cxd4 13. cxd4 exd4 14. Qxd4 Qc6 15. Nb4 Rxd4 16. Nxc6 Rd7 17. Nfe5 Bxc6 18. Nxc6 Rd6 19. Ra8+
1-0

[Event "RLEV #5"]
[Site "SchemingMind.com"]
[Date "2010.02.15"]
[Round "-"]
[White "Orange Lion"]
[Black "andu"]
[Result "1/2-1/2"]
[WhiteCountry "NED"]
[BlackCountry "AUT"]
[WhiteElo "2392"]
[WhiteRD "71"]
[BlackElo "2150"]
[BlackRD "61"]
[GameID "239056"]

1. e4 e5 2. Nf3 Nc6 3. Bb5 a6 4. Bxc6 dxc6 5. O-O f6 6. d4 exd4 7. Nxd4 Be7 8. Bf4 Bd6 9. Bxd6 Qxd6 10. Nc3 Ne7
11. Nb3 O-O 12. Qxd6 cxd6 13. Rad1 Rd8 14. Rd2 Be6 15. Rfd1 Bxb3 16. axb3 Nc8 17. b4 Kf7 18. Rd3 Ke7 19. Rh3 h6 20. Rg3 Kf7
21. Rgd3 Ke7 22. Na4 a5 23. b5 cxb5 24. Nc3 b4 25. Nd5+ Kf7 26. c3 Ne7=
1/2-1/2

[Event "RLEV #5"]
[Site "SchemingMind.com"]
[Date "2010.02.15"]
[Round "-"]
[White "Orange Lion"]
[Black "Bandit2"]
[Result "0-1"]
[WhiteCountry "NED"]
[BlackCountry "POL"]
[WhiteElo "2393"]
[WhiteRD "70"]
[BlackElo "2303"]
[BlackRD "95"]
[GameID "239057"]

1. e4 e5 2. Nf3 Nc6 3. Bb5 a6 4. Bxc6 dxc6 5. O-O Qf6 6. d4 exd4 7. Bg5 Qd6 8. Nxd4 Be7 9. Bxe7 Nxe7 10. Nc3 Bd7
11. Nb3 Qxd1 12. Raxd1 b6 13. f4 O-O-O 14. f5 c5 15. f6 gxf6 16. Rxf6 Be6 17. Nd2 Nc6 18. Nf3 Rxd1+ 19. Nxd1 Nb4 20. Ng5 Bxa2
21. Nc3 Bc4 22. Nxf7 Re8 23. Ng5 Nxc2 24. Nxh7 Nb4 25. Rf2 Nd3 26. Rd2 Ne5 27. Ng5 a5 28. h4 b5 29. Kf2 Kb7 30. Nf3= b4
31. Nd1 Ng4+ 32. Kg3 Rxe4 33. Nf2 Nxf2 34. Rxf2 Bd3 35. Nd2 Re6 36. Nb3 Kb6 37. Nc1 c4 38. Nxd3 cxd3 39. Rd2 Rd6 40. Kf4 c5
41. h5 c4
0-1

[Event "RLEV #5"]
[Site "SchemingMind.com"]
[Date "2010.02.16"]
[Round "-"]
[White "Orange Lion"]
[Black "Number34"]
[Result "1-0"]
[WhiteCountry "NED"]
[BlackCountry "USA"]
[WhiteElo "2392"]
[WhiteRD "71"]
[BlackElo "2280"]
[BlackRD "65"]
[GameID "239058"]

1. e4 e5 2. Nf3 Nc6 3. Bb5 a6 4. Bxc6 dxc6 5. O-O Bg4 6. h3 Bh5 7. g4 Bg6 8. Nxe5 Bd6 9. Nxg6 hxg6 10. Kg2 Qh4
11. Qf3 O-O-O 12. d4 f6 13. Nd2 Bf4 14. Nb3 Bxc1 15. Rfxc1 Ne7 16. c4 g5 17. Rc3 Kb8 18. Nc5 Ng6 19. Ne6 Rde8 20. d5 Rxe6
21. dxe6 Nf4+ 22. Kf1 Nxe6 23. Rd1 Nf4 24. Ke1 Qh7 25. Kd2 Qg8 26. Rh1 Qe6 27. Kc2 Qe5 28. Kb1 c5 29. Rcc1 Re8 30. Rcd1 Qxe4+
31. Qxe4 Rxe4 32. h4 gxh4 33. Rxh4 Ka7 34. Rhh1 Kb6 35. b3 Re2 36. f3 Kc6 37. Rhe1 Rf2 38. Re7 b5 39. Rxg7 Ne6 40. Rg6 Rxf3
41. Rd5 Rf1+ 42. Kc2 Nd4+ 43. Kd2 bxc4 44. bxc4 Kb6 45. Rd8 Ka5 46. Rb8 c6 47. Ke3 Ka4 48. Rf8 Kb4 49. Rgxf6 Rg1 50. Rg8 Kxc4
51. g5 Re1+ 52. Kf2 Re2+ 53. Kf1 Rxa2 54. Re8 Kd3 55. g6
1-0

[Event "RLEV #5"]
[Site "SchemingMind.com"]
[Date "2010.02.16"]
[Round "-"]
[White "Fiesty 50"]
[Black "Orange Lion"]
[Result "1/2-1/2"]
[WhiteCountry "ENG"]
[BlackCountry "NED"]
[WhiteElo "2221"]
[WhiteRD "86"]
[BlackElo "2459"]
[BlackRD "80"]
[GameID "239060"]

1. e4 e5 2. Nf3 Nc6 3. Bb5 a6 4. Bxc6 dxc6 5. O-O Qf6 6. d4 exd4 7. Bg5 Qd6 8. Nxd4 Be7 9. Bxe7 Nxe7 10. Nc3 Bd7
11. Nb3 O-O-O 12. Qh5 Ng6 13. Rad1 Qe5 14. Qxe5 Nxe5 15. Nc5 b6 16. Nd3 Nxd3 17. Rxd3 c5 18. Rfd1 Bc6 19. Nd5 Bxd5 20. Rxd5=
1/2-1/2

[Event "RLEV #5"]
[Site "SchemingMind.com"]
[Date "2010.02.15"]
[Round "-"]
[White "andu"]
[Black "Orange Lion"]
[Result "0-1"]
[WhiteCountry "AUT"]
[BlackCountry "NED"]
[WhiteElo "2132"]
[WhiteRD "64"]
[BlackElo "2393"]
[BlackRD "70"]
[GameID "239061"]

1. e4 e5 2. Nf3 Nc6 3. Bb5 a6 4. Bxc6 dxc6 5. O-O Qf6 6. d4 exd4 7. Bg5 Qd6 8. Nxd4 Be7 9. Bxe7 Nxe7 10. Nc3 Bd7
11. Nb3 Qxd1 12. Raxd1 b6 13. Rd2 O-O-O 14. Rfd1 c5 15. f4 Nc6 16. Kf2 Rhe8 17. h3 h6 18. a3 g5 19. Ke3 gxf4+ 20. Kxf4 Ne5
21. Rb1 Nc4 22. Rd3 Re6 23. g4 c6 24. Rf3 h5 25. g5 Rg6 26. e5 Re8 27. Re1 Rge6 28. Rfe3 Nxe3 29. Rxe3 Kc7 30. Nd2 h4
31. a4 a5 32. Nc4 R6e7 33. Ne4 Be6 34. Ncd6 Rd8 35. Nf6 Kb8 36. b3 Bc8 37. Rd3 Kc7 38. Nf5 Rxd3 39. cxd3 Bxf5 40. Kxf5 Kd8
41. Ne4 Rd7 42. Nd6 Ke7 43. Nc8+ Kf8 44. Nd6 b5 45. Ke4 Rd8 46. Kf5 Ke7 47. Kf4 Ke6
0-1

[Event "RLEV #5"]
[Site "SchemingMind.com"]
[Date "2010.02.15"]
[Round "-"]
[White "Bandit2"]
[Black "Orange Lion"]
[Result "0-1"]
[WhiteCountry "POL"]
[BlackCountry "NED"]
[WhiteElo "2260"]
[WhiteRD "103"]
[BlackElo "2392"]
[BlackRD "71"]
[GameID "239062"]

1. e4 e5 2. Nf3 Nc6 3. Bb5 a6 4. Bxc6 dxc6 5. O-O Qf6 6. d4 exd4 7. Bg5 Qd6 8. Nxd4 Be7 9. Bxe7 Nxe7 10. Nc3 Bd7
11. Nb3 O-O-O 12. Qe2 Ng6 13. Qe3 Kb8 14. Rad1 Qe7 15. Nc5 Bc8 16. Nd3 f5 17. e5 c5 18. b3 b6 19. a4 Bb7 20. Rfe1 Nh4
21. f3= g5 22. a5 f4 23. Qf2 Nf5 24. Ne4 Ne3 25. Rxe3 fxe3 26. Qxe3 Rhg8
0-1

[Event "RLEV #5"]
[Site "SchemingMind.com"]
[Date "2010.02.16"]
[Round "-"]
[White "Number34"]
[Black "Orange Lion"]
[Result "1/2-1/2"]
[WhiteCountry "USA"]
[BlackCountry "NED"]
[WhiteElo "2280"]
[WhiteRD "65"]
[BlackElo "2392"]
[BlackRD "71"]
[GameID "239063"]

1. e4 e5 2. Nf3 Nc6 3. Bb5 a6 4. Bxc6 dxc6 5. O-O Qf6 6. d4 exd4 7. Bg5 Qd6 8. Nxd4 Be7 9. Bxe7 Nxe7 10. Nc3 Bd7
11. Nb3 O-O-O 12. Qe2 g5 13. Qe3 b6 14. Qxg5 Rhg8 15. Qe3 Qg6 16. g3 c5 17. Rfd1 Kb8 18. a4 a5 19. Nxc5 bxc5 20. Qxc5 Qf6
21. Rd3 Bc8 22. Qxa5 Bb7 23. Qc5 Rxd3 24. cxd3 Rg5 25. Qb4 c5 26. Qb5 Qc6 27. Qb3 Qe6 28. Qxe6 fxe6 29. f4 Rh5 30. Kg2 Nc6
31. g4 Rh6 32. Kg3 Nb4 33. Rd1 e5 34. fxe5 Nc6 35. g5 Re6 36. Kf4 Nxe5 37. a5 Ba6 38. d4 Nd3+ 39. Ke3 cxd4+ 40. Kxd4 Nf2
41. Rb1 Nh3 42. g6 hxg6 43. b4 Ng5 44. b5 Bb7 45. a6 Bxe4 46. Nxe4 Rxe4+ 47. Kd5 Re2 48. Rf1 Rxh2 49. Rf6 Ka7 50. Rxg6 Rd2+=
1/2-1/2